Normal view
MARC view
Entry Término temático
001 - NÚMERO DE CONTROL
- campo de control: 138399
003 - IDENTIFICADOR DEL NÚMERO DE CONTROL
- campo de control: OSt
005 - FECHA Y HORA DE LA ÚLTIMA TRANSACCIÓN
- campo de control: 20220127155851.0
008 - DATOS DE LONGITUD FIJA
- campo de control de longitud fija: 220127|| aca||aabn | a|a d
040 ## - FUENTE DE LA CATALOGACIÓN
- Centro catalogador/agencia de origen: OSt
- Centro/agencia transcriptor: OSt
150 ## - ENCABEZAMIENTO--TÉRMINO DE MATERIA
- Término de materia o nombre geográfico como elemento de entrada: Pastizales
- Subdivisión general: Ecología I. Consejo Nacional de Ciencia y Tecnología. México II. Universidad Autónoma Agraria Antonio Narro. Saltillo, Coah. III. Sociedad Mexicana de Manejo de Pastizales
670 ## - FUENTE DE DATOS ENCONTRADOS
- Cita de la fuente: Work cat.: (OSt)164285: Congreso Nacional sobre Manejo de Pastizales (7: 1991: Cd. Victoria Tamaulipas) 138398, Memorias /, 1991
